Statistics for Guess the Taylor Swift song with no hint 93

Click here to take the quiz!

General Stats

  • This quiz has been taken 303 times
  • The average score is 302 of 379

Answer Stats

Answer% Correct
"I
100%
I
100%
a
99%
the
98%
you
98%
You
98%
an
97%
me
97%
your
97%
in
96%
it
96%
on
96%
we
96%
We
96%
And
95%
and
95%
my
95%
then
95%
were
95%
when
95%
I'm
93%
so
93%
to
93%
That
92%
that
92%
if
91%
is
91%
of
90%
this
89%
go
88%
how
87%
I'd
87%
As
86%
as
86%
by
85%
never
85%
was
85%
But
84%
ever
84%
say
84%
than
84%
back
83%
Back
83%
don't
82%
just
82%
could
81%
time
81%
us
81%
knew
79%
Oh
79%
That's
79%
get
78%
again
77%
something
77%
car
76%
Cornelia
75%
Street"
75%
street
75%
Street
75%
Walk
75%
walk
75%
bar
74%
Drunk
74%
away
73%
baby
73%
lose
73%
stronger
72%
thought
71%
backseat
70%
drinks
70%
ends
70%
home
70%
hope
70%
name
69%
casually
68%
city
68%
kind
68%
place
68%
screams
68%
heartbreak
67%
mend
67%
Leading
66%
even
66%
gone
66%
leading
66%
new
66%
terrified
66%
wanna
66%
yours
66%
rent
65%
hand
64%
before
63%
Before
63%
lights
63%
mystified
62%
left
61%
apartment
59%
yeah
59%
playing
58%
arrowhead
57%
games
57%
page
57%
pointed
57%
fresh
56%
kitchen
56%
became
55%
beginnings
55%
blanks
55%
Filling
55%
hold
55%
listen
55%
religion
55%
ago
54%
Barefoot
54%
Years
54%
air
53%
hit
53%
inside
53%
packed
53%
right
53%
Sacred
53%
bags
52%
called
52%
Jacket
52%
shoulders
52%
tunnel
52%
card
51%
'round
51%
autumn
50%
turned
50%
around
49%
desk
49%
showed
49%
floor
48%
Memorize
48%
Sat
48%
sharks
48%
open
47%
roof
47%
Windows
47%
creaks
46%
rains
40%
bless
39%
swung
23%

Score Distribution

Percentile by Number Answered

Percent of People with Each Score

Your Score History

You have not taken this quiz